Sharḥ al-taʼmīnāt al-ijtimāʻīyah / (Record no. 46085)

MARC details
000 -LEADER
fixed length control field 00732cam a22002171a 4500
001 - CONTROL NUMBER
control field ne 63001426
003 - CONTROL NUMBER IDENTIFIER
control field DLC
005 - DATE AND TIME OF LATEST TRANSACTION
control field 20260227111748.0
008 - FIXED-LENGTH DATA ELEMENTS--GENERAL INFORMATION
fixed length control field 911218s1962 ua 000 0 ara c
010 ## - LIBRARY OF CONGRESS CONTROL NUMBER
LC control number ne 63001426
035 ## - SYSTEM CONTROL NUMBER
System control number (OCoLC)24989936
040 ## - CATALOGING SOURCE
Original cataloging agency Princeton Univ. Libr.
Transcribing agency MWalB
Modifying agency MWalB
-- DLC
042 ## - AUTHENTICATION CODE
Authentication code premarc
050 00 - LIBRARY OF CONGRESS CALL NUMBER
Classification number HD7239
Item number .H3
100 1# - MAIN ENTRY--PERSONAL NAME
Personal name Ḥabīb, Saʻd ʻAbd al-Salām.
245 10 - TITLE STATEMENT
Title Sharḥ al-taʼmīnāt al-ijtimāʻīyah /
Statement of responsibility, etc. bi-qalam Saʻd ʻAbd al-Salām Ḥabīb.
260 ## - PUBLICATION, DISTRIBUTION, ETC.
Place of publication, distribution, etc. [al-Qāhirah :
Name of publisher, distributor, etc. al-Dār al-Qawmīyah lil-Ṭibaʻah wa-al-Nashr,
Date of publication, distribution, etc. 1962?]
300 ## - PHYSICAL DESCRIPTION
Extent 69 p. ;
Dimensions 20 cm.
490 0# - SERIES STATEMENT
Series statement Ikhtaranā lil-falāl wa-al-ʻāmil ;
Volume/sequential designation 33
650 #0 - SUBJECT ADDED ENTRY--TOPICAL TERM
Topical term or geographic name entry element Social security
Geographic subdivision United Arab Republic.

No items available.

Powered by Koha